Io ho una bella figlia : le madri lesbiche raccontano /

Saved in:
Bibliografiske detaljer
Hovedforfatter: Danna, Daniela (Author)
Format: Bog
Sprog:italiensk
Udgivet: Forlì : Zoe, 1998
Tags: Tilføj Tag
Ingen Tags, Vær først til at tagge denne postø!

MARC

LEADER 00000nam a22000007i 4500
001 IT\ICCU\VIA\0076327
003 ItRI
005 20260124121932.0
008 990722s1998 it |||||| ||||| |||||c
020 |a 8886865090 
040 |b ita  |c Arcigay Queer VdA 
041 7 |a ita  |2 ISO-639-2 
082 |a 306.8743  |2 19 
100 1 |a Danna, Daniela  |0 IT\ICCU\RAVV\087602  |4 aut 
240 1 0 |a Io ho una bella figlia  |9 Danna, Daniela 
245 1 0 |a Io ho una bella figlia :  |b le madri lesbiche raccontano /  |c Daniela Danna. 
260 |a Forlì :  |b Zoe,  |c 1998 
300 |a 208 p. ;  |c 20 cm 
942 |2 ddc  |c BK 
952 |0 0  |1 0  |2 ddc  |4 0  |6 306_874300000000000_DAN_IOH  |7 0  |9 3899  |a AO  |b AO  |d 2025-04-19  |l 0  |o 306.8743 DAN IOH  |p 11126  |r 2025-04-19 11:35:06  |w 2025-04-19  |y BK 
952 |0 0  |1 0  |4 0  |6 L_310_100000000000000_DAN  |7 0  |9 18002  |a BO  |b BO  |d 2026-01-15  |i 4834  |l 0  |o L 310.1 DAN  |p BO4834  |r 2026-01-15 23:19:50  |w 2026-01-15  |x [Sebina 5] [1 v.]  |y BK  |z 1 v. 
999 |c 3036  |d 3036